Central Library, Doon University
WEBOPAC (ONLINE PUBLIC ACCESS CATALOGUE)

Network Innovation Through Open Flow and SDN (Record no. 60813)

MARC details
000 -LEADER
fixed length control field 00504nam a22001817a 4500
005 - DATE & TIME
control field 20260515163029.0
008 - FIXED-LENGTH DATA ELEMENTS--GENERAL INFORMATION
fixed length control field 260515b |||||||| |||| 00| 0 eng d
020 ## - ISBN
International Standard Book Number 9781032973159
Price 2995.00
040 ## - CATALOGING SOURCE
Original cataloging agency Doon University
041 ## - Language
Language English
082 ## - DDC NUMBER
Classification number 004.6
Book Number NET
100 ## - MAIN ENTRY--PERSONAL NAME
Personal name Hu, Fei (ed)
245 ## - TITLE STATEMENT
Title Network Innovation Through Open Flow and SDN
Sub Title : Principles and Design
260 ## - PUBLICATION, DISTRIBUTION, ETC. (IMPRINT)
Place of publication, distribution, etc New York
Name of publisher, distributor, etc CRC Press
Date of publication, distribution, etc 2025
300 ## - PHYSICAL DESCRIPTION
Pages 496
650 ## - Subject
Subject Computer Science (PM (USHA)
942 ## - ADDED ENTRY ELEMENTS (KOHA)
Koha item type Books
100 ## - MAIN ENTRY--PERSONAL NAME
-- 26832
650 ## - Subject
-- 26808
952 ## - LOCATION AND ITEM INFORMATION (KOHA)
-- 2026-05-15
Holdings
Withdrawn status Lost status Source of classification or shelving scheme Damaged status Not for loan Location (home branch) Sublocation or collection (holding branch) Date acquired Koha issues (times borrowed) Koha full call number Accession No. Koha date last seen Koha item type
          Doon University Doon University 15.05.2026   004.6 NET 33171 15.05.2026 Books
Contact : +91-135-2533126 (Library),+91-135-2533105 (Admin Office) , Email : doonlibrary@gmail.com

Powered by Koha